[Event "Vojvodina-chT 21st"]
[Site "Backa Palanka"]
[Date "2021.10.23"]
[Round "1.2"]
[White "Balla, Tamas Kristof"]
[Black "Kostic, Filip"]
[Result "1-0"]
[WhiteElo "2324"]
[BlackElo "2191"]
[PlyCount "83"]
[EventDate "2021.10.23"]
[EventType "team-tourn"]
[EventRounds "11"]
[EventCountry "SRB"]
[SourceTitle "CBM 204 Extra"]
[Source "ChessBase"]
[SourceDate "2021.11.30"]
[SourceVersion "1"]
[SourceVersionDate "2021.11.30"]
[SourceQuality "1"]
[WhiteTeam "Senta"]
[BlackTeam "Backa Palanka"]
[WhiteTeamCountry "SRB"]
[BlackTeamCountry "SRB"]

1. e4 d5 2. exd5 Nf6 3. d4 Nxd5 4. c4 Nb6 5. Nc3 e5 6. Nf3 Bg4 7. d5 Bb4 8. Qb3 Qe7 9. a3 Bc5 10. Ne4 N8d7 11. Be2 Bf5 12. Nxc5 Nxc5 13. Qe3 e4 14. Nd4 Bg6 15. Bd2 Nd3+ 16. Bxd3 exd3 17. Qxe7+ Kxe7 18. b3 Kd7 19. Bc3 c6 20. dxc6+ bxc6 21. Kd2 Rhe8 22. Rhe1 f6 23. Bb4 Re5 24. f4 Re4 25. f5 Rxd4 26. Re7+ Kd8 27. fxg6 hxg6 28. Rxg7 Rd7 29. Rxg6 Kc7 30. Rxf6 a5 31. Bc5 a4 32. Bxb6+ Kxb6 33. b4 Rg8 34. Rf2 Rg4 35. Rc1 Rh7 36. g3 Rd7 37. Rc3 Rdd4 38. c5+ Kb5 39. Rf7 Rge4 40. Rb7+ Ka6 41. Rb6+ Ka7 42. Rxd3 1-0

[Event "Novi Sad Sretenjski Ustav op"]
[Site "Novi Sad"]
[Date "2017.03.11"]
[Round "9"]
[White "Kostic, Filip"]
[Black "Damia, Angelo"]
[Result "0-1"]
[WhiteElo "2168"]
[BlackElo "2329"]
[PlyCount "44"]
[EventDate "2017.03.05"]
[EventType "swiss"]
[EventRounds "9"]
[EventCountry "SRB"]
[SourceTitle "CBM 177 Extra"]
[Source "ChessBase"]
[SourceDate "2017.04.27"]
[SourceVersion "1"]
[SourceVersionDate "2017.04.27"]
[SourceQuality "1"]

1. d4 Nf6 2. g3 d5 3. Bg2 e6 4. c4 dxc4 5. Nf3 Nbd7 6. 0-0 Rb8 7. Qc2 b5 8. a4 a6 9. axb5 axb5 10. e4 Bb7 11. Re1 Be7 12. Nc3 b4 13. Na4 b3 14. Qxc4 Bxe4 15. Rxe4 Nxe4 16. Ne5 Nxe5 17. dxe5 Qd1+ 18. Bf1 Qc2 19. Nc3 Qxf2+ 20. Kh1 Nxc3 21. bxc3 Bc5 22. Qa4+ Kf8 0-1

[Event "Novi Sad Sretenjski Ustav op"]
[Site "Novi Sad"]
[Date "2017.03.07"]
[Round "4"]
[White "Marholev, Dimitar"]
[Black "Kostic, Filip"]
[Result "1/2-1/2"]
[WhiteElo "2199"]
[BlackElo "2168"]
[PlyCount "24"]
[EventDate "2017.03.05"]
[EventType "swiss"]
[EventRounds "9"]
[EventCountry "SRB"]
[SourceTitle "CBM 177 Extra"]
[Source "ChessBase"]
[SourceDate "2017.04.27"]
[SourceVersion "1"]
[SourceVersionDate "2017.04.27"]
[SourceQuality "1"]

1. Nf3 d5 2. d4 Nf6 3. c4 c6 4. cxd5 cxd5 5. Nc3 Nc6 6. Bf4 a6 7. Rc1 Bf5 8. e3 e6 9. Bd3 Bxd3 10. Qxd3 Bd6 11. Bxd6 Qxd6 12. 0-0 0-0 1/2-1/2

[Event "Novi Sad Hotel Sajam op 02A"]
[Site "Novi Sad"]
[Date "2016.02.10"]
[Round "8"]
[White "Kostic, Filip"]
[Black "Sagar, Siya"]
[Result "1-0"]
[WhiteElo "2196"]
[BlackElo "1029"]
[PlyCount "39"]
[EventDate "2016.02.05"]
[EventType "swiss"]
[EventRounds "9"]
[EventCountry "SRB"]
[SourceTitle "CBM 171 Extra"]
[Source "ChessBase"]
[SourceDate "2016.04.26"]
[SourceVersion "1"]
[SourceVersionDate "2016.04.26"]
[SourceQuality "1"]

1. e4 e5 2. Nf3 Nc6 3. Bb5 a6 4. Ba4 Nf6 5. 0-0 Bc5 6. c3 b5 7. Bc2 d5 8. exd5 0-0 9. dxc6 Bg4 10. d4 exd4 11. cxd4 Bb6 12. Be3 Qd5 13. Nbd2 Qxc6 14. Qc1 Qd7 15. Ne5 Qe6 16. Bb3 Qc8 17. Nxg4 Qxg4 18. h3 Qd7 19. Nf3 Rfe8 20. Ne5 1-0

[Event "Novi Sad Hotel Sajam op 02A"]
[Site "Novi Sad"]
[Date "2016.02.07"]
[Round "4"]
[White "Kostic, Filip"]
[Black "Jovic, Stevan"]
[Result "1/2-1/2"]
[WhiteElo "2196"]
[BlackElo "2160"]
[PlyCount "36"]
[EventDate "2016.02.05"]
[EventType "swiss"]
[EventRounds "9"]
[EventCountry "SRB"]
[SourceTitle "CBM 171 Extra"]
[Source "ChessBase"]
[SourceDate "2016.04.26"]
[SourceVersion "1"]
[SourceVersionDate "2016.04.26"]
[SourceQuality "1"]

1. c4 c6 2. Nf3 d5 3. Qc2 Nf6 4. g3 e6 5. Bg2 Nbd7 6. d3 Bd6 7. 0-0 0-0 8. b3 Re8 9. Nc3 a6 10. Bg5 h6 11. Bd2 Re7 12. Rae1 Rb8 13. e4 dxe4 14. Nxe4 Nxe4 15. dxe4 e5 16. Rd1 Qc7 17. Nh4 Re8 18. Bc3 Nf6 1/2-1/2

[Event "Moscow Sirotin Memorial"]
[Site "Moscow"]
[Date "2008.12.??"]
[Round "?"]
[White "Iljiushenok, Ilia"]
[Black "Kostic, Filip"]
[Result "1-0"]
[WhiteElo "2314"]
[BlackElo "2298"]
[PlyCount "65"]
[EventDate "2008.12.??"]
[EventType "tourn"]
[EventRounds "11"]
[EventCountry "RUS"]
[EventCategory "3"]
[SourceTitle "EXT 2010"]
[Source "ChessBase"]
[SourceDate "2010.11.25"]
[SourceVersion "1"]
[SourceVersionDate "2010.11.25"]
[SourceQuality "1"]

1. e4 e5 2. Nf3 Nf6 3. Nc3 Nc6 4. d4 exd4 5. Nxd4 Bb4 6. Nxc6 bxc6 7. Bd3 0-0 8. 0-0 d5 9. exd5 cxd5 10. Bg5 Be6 11. Nb5 c5 12. a3 Ba5 13. b4 cxb4 14. Qe1 h6 15. axb4 Bb6 16. Bh4 a6 17. Nc3 Bd4 18. Ra3 Qb6 19. Na4 Qd6 20. Bg3 Qc6 21. Be5 Bxe5 22. Qxe5 Rfe8 23. Qd4 Qd6 24. Nb6 Ng4 25. f4 Ra7 26. h3 Nf6 27. Nc8 Bxc8 28. Qxa7 Qxb4 29. Rb3 Qa4 30. Qc5 g6 31. Rb4 Qa3 32. Qd4 Nh5 33. Ra1 1-0

[Event "Moscow Pripis Memorial"]
[Site "Moscow"]
[Date "2008.11.??"]
[Round "7"]
[White "Belous, Vladimir"]
[Black "Kostic, Filip"]
[Result "1-0"]
[WhiteElo "2428"]
[BlackElo "2298"]
[PlyCount "49"]
[EventDate "2008.11.??"]
[EventType "tourn"]
[EventRounds "11"]
[EventCountry "RUS"]
[EventCategory "3"]
[SourceTitle "EXT 2010"]
[Source "ChessBase"]
[SourceDate "2010.11.25"]
[SourceVersion "1"]
[SourceVersionDate "2010.11.25"]
[SourceQuality "1"]

1. d4 Nf6 2. c4 c5 3. d5 e5 4. Nc3 d6 5. e4 Be7 6. Nf3 Nbd7 7. Be2 Nf8 8. a3 Ng6 9. g3 h5 10. h4 Ng4 11. Nh2 Nf6 12. Bg5 Bd7 13. Bxf6 gxf6 14. Bxh5 f5 15. exf5 Bxf5 16. Nf1 Qa5 17. Ne3 Bd7 18. Bg4 0-0-0 19. Bxd7+ Rxd7 20. Qg4 Bf6 21. 0-0-0 e4 22. Nxe4 Bd4 23. Nxd6+ Kc7 24. Nb5+ Kd8 25. Nxd4 1-0

[Event "Moscow Pripis Memorial"]
[Site "Moscow"]
[Date "2008.11.??"]
[Round "3"]
[White "Savina, Anastasia"]
[Black "Kostic, Filip"]
[Result "1-0"]
[WhiteElo "2268"]
[BlackElo "2298"]
[PlyCount "23"]
[EventDate "2008.11.??"]
[EventType "tourn"]
[EventRounds "11"]
[EventCountry "RUS"]
[EventCategory "3"]
[SourceTitle "EXT 2010"]
[Source "ChessBase"]
[SourceDate "2010.11.25"]
[SourceVersion "1"]
[SourceVersionDate "2010.11.25"]
[SourceQuality "1"]

1. d4 d5 2. c4 e6 3. Nc3 Be7 4. cxd5 exd5 5. Bf4 Nf6 6. e3 0-0 7. Bd3 c5 8. dxc5 Bxc5 9. Bg5 d4 10. Bxf6 Qxf6 11. Qh5 Bf5 12. Nd5 1-0

[Event "Budapest FS02 IM"]
[Site "Budapest"]
[Date "2002.02.09"]
[Round "8"]
[White "Farago, Sandor"]
[Black "Kostic, Filip"]
[Result "1-0"]
[WhiteElo "2318"]
[BlackElo "2280"]
[PlyCount "100"]
[EventDate "2002.02.02"]
[EventType "tourn"]
[EventRounds "11"]
[EventCountry "HUN"]
[EventCategory "2"]
[SourceTitle "CBM 086 Extra"]
[Source "ChessBase"]
[SourceDate "2002.03.14"]
[SourceVersion "1"]
[SourceVersionDate "2002.03.14"]
[SourceQuality "1"]

1. e4 c5 2. Nf3 Nc6 3. d4 cxd4 4. Nxd4 Qc7 5. Nc3 e6 6. Be3 a6 7. Be2 Nf6 8. a3 Be7 9. f4 d6 10. Qd2 0-0 11. 0-0-0 Na5 12. g4 e5 13. Nf5 Bxf5 14. exf5 Ne4 15. Qd3 Nxc3 16. Qxc3 Qxc3 17. bxc3 Rac8 18. Rd5 Nc4 19. Bxc4 Rxc4 20. Bd2 exf4 21. h4 Bf6 22. Rh3 Be5 23. g5 Rfc8 24. Kb2 R8c5 25. Rdd3 Kf8 26. h5 Ke7 27. Rh4 h6 28. f6+ Ke6 29. fxg7 Bxg7 30. gxh6 Bxh6 31. Rf3 Kf5 32. Kb3 b5 33. Be1 Rd5 34. Bf2 Ke4 35. Rfh3 Rg5 36. Bd4 Kf5 37. Rh1 Rg4 38. R4h2 Rg3 39. Kb2 Rc8 40. Re2 Bg5 41. h6 f6 42. h7 Rh8 43. Re7 Kg4 44. Rg7 Rh3 45. Rxh3 Kxh3 46. Rxg5 Rxh7 47. Rd5 Kg3 48. Bxf6 Rd7 49. Kc1 Kf3 50. Kd2 Re7 1-0

[Event "Budapest FS02 IM"]
[Site "Budapest"]
[Date "2002.02.05"]
[Round "4"]
[White "Kahn, Evarth"]
[Black "Kostic, Filip"]
[Result "1-0"]
[WhiteElo "2303"]
[BlackElo "2280"]
[PlyCount "42"]
[EventDate "2002.02.02"]
[EventType "tourn"]
[EventRounds "11"]
[EventCountry "HUN"]
[EventCategory "2"]
[SourceTitle "CBM 086 Extra"]
[Source "ChessBase"]
[SourceDate "2002.03.14"]
[SourceVersion "1"]
[SourceVersionDate "2002.03.14"]
[SourceQuality "1"]

1. d4 d5 2. Nf3 Nf6 3. Bg5 Ne4 4. Bf4 c6 5. e3 Qb6 6. Qc1 Bf5 7. Be2 e6 8. Nh4 g5 9. Be5 f6 10. Nxf5 fxe5 11. Ng3 exd4 12. Nxe4 dxe4 13. exd4 Be7 14. Bh5+ Kd8 15. Nc3 Qxd4 16. 0-0 Nd7 17. Rd1 Qe5 18. Qd2 Qc7 19. Bf7 Kc8 20. Bxe6 Rd8 21. Nxe4 b6 1-0

[Event "Moscow IM1"]
[Site "Moscow"]
[Date "1996.??.??"]
[Round "?"]
[White "Kostic, Filip"]
[Black "Dvalishvili, Pavel S"]
[Result "0-1"]
[WhiteElo "2185"]
[BlackElo "2365"]
[PlyCount "90"]
[EventDate "1996.??.??"]
[EventType "tourn"]
[EventRounds "9"]
[EventCountry "RUS"]
[EventCategory "3"]
[SourceTitle "EXT 2000"]
[Source "ChessBase"]
[SourceDate "1999.11.16"]
[SourceVersion "1"]
[SourceVersionDate "1999.11.16"]
[SourceQuality "1"]

1. d4 d5 2. c4 dxc4 3. Nf3 a6 4. e3 e6 5. Bxc4 Nf6 6. 0-0 Be7 7. Nc3 b5 8. Bd3 Bb7 9. Qe2 Nbd7 10. e4 c5 11. Rd1 cxd4 12. Nxd4 Qb6 13. Be3 Bc5 14. Nc2 Ne5 15. Bxc5 Qxc5 16. a3 0-0 17. Rd2 Rad8 18. Rad1 Rd7 19. Ne1 Rfd8 20. Bb1 Rxd2 21. Rxd2 Rxd2 22. Qxd2 g6 23. Qd8+ Kg7 24. Nd3 Nxd3 25. Qxd3 Ng4 26. Qe2 Ne5 27. Ba2 Qd4 28. Kf1 h5 29. h4 Bc6 30. f3 Qd8 31. Qe1 a5 32. Ne2 b4 33. axb4 Bb5 34. bxa5 Kh7 35. Kg1 Nd3 36. Qd2 Qxh4 37. Nd4 Ba6 38. b4 Qf6 39. Qc3 Nf4 40. Kf2 Qh4+ 41. Kg1 Qg3 42. Qd2 Be2 43. Qxf4 Qxf4 44. Nxe2 Qd2 45. Bc4 Qxb4 0-1

[Event "YUG-chT2"]
[Site "Tivat"]
[Date "1995.??.??"]
[Round "8"]
[White "Kostic, Filip"]
[Black "Mitrovic, Petar"]
[Result "1/2-1/2"]
[WhiteElo "2165"]
[BlackElo "2390"]
[PlyCount "57"]
[EventDate "1995.??.??"]
[EventType "team"]
[EventRounds "11"]
[EventCountry "YUG"]
[SourceTitle "EXT 2002"]
[Source "ChessBase"]
[SourceDate "2001.11.25"]
[SourceVersion "1"]
[SourceVersionDate "2001.11.25"]
[SourceQuality "1"]

1. d4 Nf6 2. c4 g6 3. Nc3 d5 4. cxd5 Nxd5 5. e4 Nxc3 6. bxc3 Bg7 7. Be3 0-0 8. Qd2 c5 9. h4 Qa5 10. Rd1 Be6 11. Ne2 cxd4 12. cxd4 Qxa2 13. Qxa2 Bxa2 14. Nc3 Be6 15. Nb5 Rc8 16. d5 Bg4 17. f3 Bd7 18. Nxa7 Rc2 19. Nb5 Bxb5 20. Bxb5 Rxg2 21. Be2 Ra2 22. Bf2 Be5 23. Kf1 Rh2 24. Rxh2 Bxh2 25. Rb1 Bd6 26. Rxb7 Ra1+ 27. Kg2 Ra2 28. Kf1 Ra1+ 29. Kg2 1/2-1/2